Versos palentinos / (Record no. 117260)

MARC details
000 -LEADER
campo de control de longitud fija 00433nam a2200157 i 4500
001 - NÚMERO DE CONTROL
campo de control 117260
003 - IDENTIFICADOR DE NÚMERO DE CONTROL
campo de control ES-MaACL
005 - FECHA Y HORA DE LA ÚLTIMA TRANSACCIÓN
campo de control 20230906190848.0
007 - CAMPO FIJO DE DESCRIPCIÓN FÍSICA--INFORMACIÓN GENERAL
campo de control de longitud fija t|
008 - DATOS DE LONGITUD FIJA--INFORMACIÓN GENERAL
campo de control de longitud fija 070301s1965 sp |||| | spa d
100 1# - ENTRADA PRINCIPAL--NOMBRE DE PERSONA
Nombre de persona Paz Maroto, José.
9 (RLIN) 89776
245 10 - MENCIÓN DEL TÍTULO
Título Versos palentinos /
Mención de responsabilidad, etc. José Paz Maroto.
260 ## - PUBLICACIÓN, DISTRIBUCIÓN, ETC.
Lugar de publicación, distribución, etc. Palencia :
Nombre del editor, distribuidor, etc. [s. n.],
Fecha de publicación, distribución, etc. 1965 (
Fabricante Ind. Gráf. Diario-Día)
300 ## - DESCRIPCIÓN FÍSICA
Extensión 134 p. ;
Dimensiones 19 cm.
852 ## - LOCALIZACIÓN
Ubicación ES-MaACL
Número de control de estantería C-27299
Holdings
Estatus retirado Estado de pérdida Estado de daño No para préstamo Biblioteca de origen Biblioteca actual Ubicación en estantería Fecha de adquisición Fuente de adquisición Total de préstamos Signatura topográfica completa Código de barras Visto por última vez Precio de reemplazo Tipo de ítem Koha
        Biblioteca del Ateneo de Madrid Biblioteca del Ateneo de Madrid Depósito 2 17/01/2008     C-27299 1122258 23/02/2023 23/02/2023 Libro impreso